00504nam a22001697a 450000500170000001000140001702000110003103500130004203700130005508200120006810000240008024500950010426000860019930000210028565000140030665000140032020100810155747.0 aENG-99345 c100.00 aEN-82877 bDBAD/PUB a303.625 aMustafayev, Chingiz aTerrorism :bdefinition, causes, awareness and prognostication /cby Chingiz Mustafayevh  bInstitute of Human Rights of the National Academy of Sciences of Azerbaijanc2005 a172p.c21cm (Hb) aTerrorism aTerrorist